|
|
|
|
| LEADER |
00645nab a2200193 i 4500 |
| 001 |
misc48137 |
| 005 |
20211025161034.0 |
| 008 |
200408s2002 hu o 0|| hun d |
| 022 |
|
|
|a 1221-0161
|
| 040 |
|
|
|a SZTE Miscellanea Repozitórium
|b hun
|
| 041 |
|
|
|a hun
|
| 100 |
1 |
|
|a Szőcs Géza
|
| 245 |
1 |
0 |
|a Kik vagytok, székelyek?
|h [elektronikus dokumentum] /
|c Szőcs Géza
|
| 260 |
|
|
|a H-Press Kft.
|b Sepsiszentgyörgy
|c 2002-11-16
|
| 300 |
|
|
|a 1, 6 p.
|
| 490 |
0 |
|
|a Háromszék - független napilap
|
| 561 |
|
|
|a Kristó Gyula újságkivágatok
|
| 695 |
|
|
|a Székelyek története
|
| 856 |
4 |
0 |
|u http://misc.bibl.u-szeged.hu/48137/1/005.pdf
|z Dokumentum-elérés
|